| 000 | 00484nam a2200157 a 4500 | ||
|---|---|---|---|
| 001 | 000026705 | ||
| 005 | 20200930030350.0 | ||
| 008 | 110324s1997 dr a 000 p spa d | ||
| 040 |
_aDO-SdBNP _bspa _cBNPHU |
||
| 082 |
_axxx _bE82d |
||
| 100 | 1 |
_aEstrella Rodríguez, Víctor A., _d1942- _925331 |
|
| 245 | 1 | 0 |
_aDesflorando la primavera / _cVíctor A. Estrella Rodríguez. |
| 260 |
_aSanto Domingo : _b[s.n.], _c1997. _fEditora Jerez |
||
| 300 |
_a68 p. : _bil. ; _c21 cm. |
||
| 049 | _aBNPD | ||
| 999 |
_c26197 _d26197 |
||